| 000 | 00651 a2200181 4500 | ||
|---|---|---|---|
| 020 | _a9813083123 | ||
| 020 | _a9789813083127 | ||
| 082 | 0 | 4 | _a523.8 |
| 090 |
_c640 _d640 |
||
| 100 | 1 | _aSen, K.K. | |
| 245 | 1 | 0 |
_aRadiative transfer in moving media : _bbasic mathematical methods for radiative transfer in spherically symmetrical moving media / _cK.K. Sen, S.J. Wilson. |
| 250 | _a1st ed. | ||
| 260 |
_a[S.l.] : _bSpringer, _c1998. |
||
| 300 |
_a254 p. ; _c25 cm. |
||
| 700 | 1 | _aWilson, S.J. | |
| 942 |
_aSNS _cBK _k523.8 SEN |
||
| 999 |
_c29270 _d29270 |
||